=LDR 00000nam 2200000 4500 =001 001229 =005 20250713123815 =035 ##$$a 0010-0725000994 =007 ta =008 250713###########################0#ind## =020 ##$$a 978-623-307-401-8 =082 ##$$a 398.209 598 =084 ##$$a 398.209 598 PAR r =245 ##$$a Raja gemuk dan anjing kurus /$c Parismita =250 ##$$a Cetakan pertama =260 ##$$a Rawamangun :$b Badan pengembangan dan pembinaan bahasa,$c 2022 =300 ##$$a 16 hlm. : $b Ilus. ; $c 22,9 cm.